000 00773nam a22002053a 4500
005 20210223124223.0
008 010628s2001 mx fr 000 0 spa d
020 _a9213215770
035 _aUPN01000109021
049 _aC
050 4 _aHF1480.5
_bN3.6 2000
110 2 _aNaciones Unidas.
_bComisión Económica para América Latina y el Caribe
245 1 0 _aPanorama de la inserción internacional de América Latina y el Caribe, 1999-2000.
260 _aSantiago de Chile :
_bONU, Comisión Económica para América Latina y el Caribe,
_c2001.
300 _a345 p. :
_bil.
651 4 _aAMERICA LATINA -
_xPOLITICA COMERCIAL
_93986
651 4 _aAMERICA LATINA -
_xINTEGRACION ECONOMICA
_93981
651 4 _aCARIBE (REGION) -
_xPOLITICA ECONOMICA
_95139
905 _aLibro
999 _c82932
_d82932